| 000 | 01098nam a22002537a 4500 | ||
|---|---|---|---|
| 005 | 20170124102928.0 | ||
| 010 | _aB-180878 | ||
| 020 | _c200.00 | ||
| 035 | _aB-180878 | ||
| 037 | _bCen Lib/Ret | ||
| 040 |
_aDPL _bHN |
||
| 082 |
_a796 _bअखिले |
||
| 100 |
_aअखिलेश _9500 |
||
| 245 |
_aविश्व प्रसिद्ध खेल : _cअखिलेश _bहिंदी अकादमी, दिल्ली द्वारा पुरस्कृत / |
||
| 246 |
_aVishw prasidh khel : Hindi academy, Dilli dwara puraskrit / _bby Akhilesh |
||
| 260 |
_bअनिल प्रकाशन _aदिल्ली _c2005 |
||
| 270 |
_a2619, न्यू मार्किट, नई सरक _bदिल्ली _e110006 |
||
| 300 |
_a175पृ. : _c20सेमी (सजिल्द) _bचित्र |
||
| 650 |
_aविश्व -- प्रसिद्ध खेल _943992 |
||
| 650 |
_aखेल _944130 |
||
| 650 |
_aWorld's -- famous games _944131 |
||
| 650 |
_aSports _944132 |
||
| 942 |
_2ddc _cHN _h796 _mअखिले |
||
| 999 |
_c111699 _d111699 |
||